000 00712nam a22002537a 4500
001 25511
005 20260428155833.0
008 260427b |||||||| |||| 00| 0 spa d
020 _a9786123113957
041 _aESP
082 _a346.6
_bM97
100 _aMuro Rojo, Manuel
_eAUT
245 _aContratos civiles y obligaciones :
_btemas claves
250 _aPrimera edición
260 _aLima :
_bGaceta Jurídica,
_c2016
300 _a190 páginas :
_c24 cm.
440 _a ;
650 _aCIS
653 _aDerecho; Derecho civil; Contratos
654 _aCDE
700 _a;
856 _uhttps://itmsp.museknowledge.com/UCSP?groupID=2
_zVéase Biblioteca Digital
942 _cLIB
_dJUS
_fTRC
_n0
_2ddc
999 _c25511
_d25511